000 05931nam a22004697a 4500
005 2010022405425.0
010 _aB-401350-371
020 _a9789350002315
_c200.00
035 _aB-401350-371
037 _bवाणी प्रकाशन/ PUB
082 _a
100 _aमहाश्वेता देवी
_922905
245 _aरजिस्टर्ड नं. 1038 /
_cमहाश्वेता देवी; सुशील गुप्ता द्वारा अनुदित
260 _aनई दिल्ली
_bवाणी प्रकाशन
_c2010
270 _a4695, 21-ए, दरियागंज
_bनई दिल्ली
_e110002
300 _a100पृ
_c22सेमी (सजिल्द)
700 _aगुप्ता, सुशील
_922808
942 _2ddc
_cHN
_mमहाश्वे
_h
999 _c34321
_d34321